00217 a2200097 450000100060000008200150000610000140002124500480003526000280008330000080011174954 a910.01 DAS aDas Gupta aPrinciples of Physical GeographycGupta Das aDelhibChand & COc1983 a424